| 000 | 00398nam a2200157 4500 | ||
|---|---|---|---|
| 005 | 20260504123704.0 | ||
| 008 | 260504b |||||||| |||| 00| 0 eng d | ||
| 020 | _a978969 | ||
| 082 |
_a297 _bIQR-A |
||
| 100 | _aIqrar Hussain Sheikh | ||
| 245 | _aAllah Main Hazir Hoon | ||
| 260 |
_aRawalpindi Pakistan _bFaiz Ul Islam Printing Press |
||
| 300 | _a176p | ||
| 650 | _aEnglish | ||
| 942 | _cBK | ||
| 999 |
_c47490 _d47490 |
||